UM Logo

Motivations for entrepreneurship in the tourism and hospitality sector : (Record no. 20261)

MARC details
000 -LEADER
fixed length control field 00927nam a22002177a 4500
005 - DATE AND TIME OF LATEST TRANSACTION
control field 20260224110019.0
008 - FIXED-LENGTH DATA ELEMENTS--GENERAL INFORMATION
fixed length control field 240509b ||||| |||| 00| 0 eng d
082 ## - DEWEY DECIMAL CLASSIFICATION NUMBER
Classification number Dper 647.94068 In821 April-May 2019 v. 78-79
100 ## - MAIN ENTRY--PERSONAL NAME
Personal name Wang, Sha.
Relator term author.
9 (RLIN) 56972
245 ## - TITLE STATEMENT
Title Motivations for entrepreneurship in the tourism and hospitality sector :
Remainder of title a social cognitive theory perspective /
Statement of responsibility, etc. Sha Wang, Kam Hung, and Wei-Jue Huang.
260 ## - PUBLICATION, DISTRIBUTION, ETC. (IMPRINT)
Place of publication, distribution, etc. Amsterdam ;
Name of publisher, distributor, etc. Elsevier ,
Date of publication, distribution, etc. April 2019.
300 ## - PHYSICAL DESCRIPTION
Extent Volume 78, pages 78-88 :
Other physical details illustrations ;
Dimensions 28 cm.
500 ## - GENERAL NOTE
General note International Journal of Hospitality Management, vol. 78, pages 77-88, April 2019.
650 #0 - SUBJECT ADDED ENTRY--TOPICAL TERM
Topical term or geographic name as entry element Business orientation.
9 (RLIN) 68611
650 #0 - SUBJECT ADDED ENTRY--TOPICAL TERM
Topical term or geographic name as entry element Lifestyle orientation.
9 (RLIN) 68612
650 #0 - SUBJECT ADDED ENTRY--TOPICAL TERM
Topical term or geographic name as entry element Social cognitive theory.
9 (RLIN) 68613
700 ## - ADDED ENTRY--PERSONAL NAME
Personal name Wang, Sha.
Relator term author.
9 (RLIN) 54576
700 ## - ADDED ENTRY--PERSONAL NAME
Personal name Hung, Kam.
Relator term author.
9 (RLIN) 56973
700 ## - ADDED ENTRY--PERSONAL NAME
Personal name Huang, Wei-Jue.
Relator term author.
9 (RLIN) 56974
942 ## - ADDED ENTRY ELEMENTS (KOHA)
Source of classification or shelving scheme Dewey Decimal Classification
Koha item type Periodicals
Holdings
Withdrawn status Lost status Source of classification or shelving scheme Damaged status Not for loan Collection code Home library Current library Date acquired Total Checkouts Full call number Date last seen Price effective from Koha item type Public note
    Dewey Decimal Classification     Periodicals UM Digos College - LIC UM Digos College - LIC 05/09/2024   Dper 647.94068 In821 April-May 2019 v. 78-79 05/09/2024 05/09/2024 Periodicals Periodical Article